Ładuje się......

സ്വാതന്ത്ര്യാഭിവാഞ്ചയും അസംതൃപ്തതൃഷ്ണകളും എം ടി മാധവിക്കുട്ടി എന്നിവരുടെ കഥകളിൽ

Opis bibliograficzny
Główni autorzy: പ്രീത എസ്സ്, Preetha S
Format: Ph.D Thesis
Wydane: Trivandrum; University of Kerala; 2009
Hasła przedmiotowe:
LEADER 00925nam a22001697a 4500
082 |a 894.M301  |b PRE/S P9 
100 |a പ്രീത എസ്സ്  |9 129353 
100 |a Preetha S  |9 129354 
240 |a Swathanthryaabhivanjayum Asamthrupthathrushnakalum M T Madavikuty Ennivarude Kadhakalil 
245 |a സ്വാതന്ത്ര്യാഭിവാഞ്ചയും അസംതൃപ്തതൃഷ്ണകളും എം ടി മാധവിക്കുട്ടി എന്നിവരുടെ കഥകളിൽ 
260 |a Trivandrum;  |b University of Kerala;  |c 2009 
300 |a iv;276p. 
650 |a മലയാളം;കഥപ്രബന്ധം   |9 290613 
650 |a Malayalam;Story Thesis  |9 290614 
942 |c BK 
999 |c 58539  |d 58539 
952 |0 0  |1 0  |4 0  |6 894_000000000000000_M301_PRE_S_P9  |7 0  |8 ThesisPhd  |9 70010  |a MAL  |b MAL  |d 2016-07-28  |e T999138  |l 0  |o 894.M301 PRE/S P9  |p MALT999138  |r 2016-07-28  |t 1  |w 2016-07-28  |y TH